[Event "Wichern op"]
[Site "Hamburg"]
[Date "1995.??.??"]
[Round "4"]
[White "Wahls, Matthias"]
[Black "Belov, Igor"]
[Result "1/2-1/2"]
[WhiteElo "2550"]
[BlackElo "2430"]

1.e4 g6 2.d4 d6 3.Nc3 Bg7 4.f4 Nc6 5.Be3 Nf6 6.Be2 O-O 7.Nf3 e6 8.Qd2 Ne7
9.Bf2 b6 10.e5 Nfd5 11.Ne4 f5 12.Neg5 h6 13.Nh3 dxe5 14.fxe5 b5 15.Bxb5 g5
16.Nhg1 Rb8 17.Bc4 Ng6 18.h4 g4 19.h5 Nge7 20.Nh4 Rxb2 21.Bb3 c5 22.O-O-O c4
23.Bxc4 Rb4 24.Bb3 Qa5 25.Kb2 Ba6 26.a3 Rxb3+ 27.cxb3 Qb5 28.a4 Qb7 29.Ne2 Rb8
30.Nc1 Bc4 31.Qc2 Qb4  1/2-1/2

[Event "Wichern op"]
[Site "Hamburg"]
[Date "1995.??.??"]
[Round "4"]
[White "Boe, Mads"]
[Black "Schulz, Wolfgang"]
[Result "1-0"]
[WhiteElo "2345"]
[BlackElo "2135"]

1.e4 g6 2.d4 Bg7 3.Nc3 d6 4.Be3 Nf6 5.Qd2 Ng4 6.Bg5 h6 7.Bh4 c5 8.dxc5 Qa5
9.cxd6 exd6 10.Nd5 Qxd2+ 11.Kxd2 g5 12.Bg3 Bxb2 13.Rb1 Be5 14.f3 Bf4+ 15.Bxf4 Nf2
16.Be3 Nxh1 17.Nc7+ Kd8 18.Nxa8 b6 19.Bd3  1-0

[Event "Wichern op"]
[Site "Hamburg"]
[Date "1995.??.??"]
[Round "5"]
[White "Fries Nielsen, Jens Ove"]
[Black "Schmidt Wilke, Jens"]
[Result "1-0"]
[WhiteElo "2415"]
[BlackElo "2080"]

1.d4 g6 2.e4 Bg7 3.Nc3 d6 4.Be3 Nd7 5.Qd2 h6 6.O-O-O e6 7.f4 Ne7 8.Nf3 a6
9.g4 b5 10.f5 b4 11.Ne2 exf5 12.gxf5 Bb7 13.fxg6 Nxg6 14.Ng3 Nf6 15.d5 Ng4
16.Nf5 Nxe3 17.Nxg7+ Kf8 18.Qxe3 Kxg7 19.Bh3 Qf6 20.Rhg1 Bc8 21.Bxc8 Raxc8
22.Rdf1 Rhe8 23.Nd4 Qe5 24.Nf5+  1-0

[Event "Wichern op"]
[Site "Hamburg"]
[Date "1995.??.??"]
[Round "6"]
[White "Kroeger, Fabian"]
[Black "Szymczak, Zbigniew"]
[Result "1-0"]
[WhiteElo "2190"]
[BlackElo "2345"]

1.e4 g6 2.d4 Bg7 3.Nc3 d6 4.Be3 c6 5.Qd2 b5 6.O-O-O Nd7 7.f3 Qa5 8.Kb1 b4
9.Nce2 c5 10.Nc1 cxd4 11.Bxd4 Ngf6 12.a3 Rb8 13.axb4 Qa4 14.b3 Qc6 15.Bb2 O-O
16.Nge2 Qb6 17.Na2 Bb7 18.Nec3 Ra8 19.g4 a5 20.b5 Nc5 21.h4 a4 22.b4 Ne6
23.h5 Rfc8 24.hxg6 hxg6 25.Nd5 Bxd5 26.exd5 Nf8 27.c4 N8d7 28.Rh3 a3 29.Bd4 Qb7
30.Qh2 Ne5 31.Be2 e6 32.Rh1 Kf8 33.Bxe5 dxe5 34.Qxe5 Ke7 35.d6+ Kf8 36.c5 Ng8
37.Qe4 Qd7 38.Rd1 Qd8 39.f4 Qf6 40.Rc3 Qh4 41.Rh1 Qd8 42.g5 Bxc3 43.Nxc3 a2+
44.Nxa2 Ra4 45.Nc3 Ra3 46.Kb2 Rca8 47.b6 Rxc3 48.Kxc3  1-0

[Event "Wichern op"]
[Site "Hamburg"]
[Date "1995.??.??"]
[Round "7"]
[White "Maus, Soenke"]
[Black "Mista, Aleksander"]
[Result "1-0"]
[WhiteElo "2425"]
[BlackElo "2165"]

1.e4 g6 2.d4 Bg7 3.Nc3 d6 4.f4 c5 5.dxc5 Bxc3+ 6.bxc3 Nf6 7.cxd6 Qa5 8.e5 Ne4
9.Qd3 Nc6 10.Bb2 Qb6 11.Qxe4 Qxb2 12.Rd1 Qxc3+ 13.Rd2 Bf5 14.Qf3 Qc5 15.Qf2 Qb4
16.Nf3 exd6 17.Bd3 Bxd3 18.cxd3 Qb1+ 19.Rd1 Qb4+ 20.Rd2 Qb1+ 21.Rd1 Qb4+
22.Qd2 Qxd2+ 23.Rxd2 O-O-O 24.O-O Rhe8 25.d4 dxe5 26.dxe5 h6 27.h4 Rd7 28.h5 Re6
29.Rxd7 Kxd7 30.hxg6 fxg6 31.Kf2 Nb4 32.Rd1+ Ke7 33.a3 Nc2 34.g4 Rb6 35.f5 a5
36.f6+ Ke6 37.Rd8 Rb2 38.Kg3 Rb3 39.Rd6+ Kf7 40.Rd7+ Kg8 41.e6 Ne1 42.Rd8+ Kh7
43.e7 Rxf3+ 44.Kh2 Rf2+ 45.Kg1 Rc2 46.Rh8+  1-0

[Event "Hastings Masters"]
[Site "Hastings"]
[Date "1995.??.??"]
[Round "4"]
[White "Cooper, Lawrence"]
[Black "McKenna, Jason"]
[Result "1-0"]
[WhiteElo "2315"]
[BlackElo "2150"]

1.e4 g6 2.d4 d6 3.Nc3 Bg7 4.Be3 c6 5.a4 Nd7 6.Nf3 Ngf6 7.h3 O-O 8.Be2 e5
9.dxe5 dxe5 10.Qd6 Re8 11.Qa3 Bf8 12.Qa2 Nc5 13.Ng5 Ne6 14.O-O h6 15.Nxe6 Bxe6
16.Bc4 Qe7 17.Bxe6 Qxe6 18.Qxe6 Rxe6 19.Rfd1 Kg7 20.f3 Bb4 21.Nb1 Ree8 22.Na3 Ba5
23.Nc4 Bc7 24.a5 Re7 25.Rd3 Ne8 26.Rad1 f5 27.Rd7 Kf6 28.Bxh6 Rxd7 29.Rxd7 b5
30.axb6 axb6 31.h4 Ra1+ 32.Kh2 Ke6 33.Rh7 b5 34.Bg5 bxc4 35.Re7+ Kd6 36.Rxe8 fxe4
37.fxe4 Re1 38.Rg8 Rxe4 39.Rxg6+ Kd5 40.h5 Re1 41.h6 e4+ 42.g3 c3 43.h7 Be5
44.Be3 Rxe3 45.Rg5 Re2+ 46.Kh3 Re1 47.Rxe5+  1-0

[Event "Helsinki-ch"]
[Site "Helsinki"]
[Date "1995.??.??"]
[Round "?"]
[White "Pirttimaki, Timo"]
[Black "Nouro, Mikael"]
[Result "0-1"]
[WhiteElo "2285"]
[BlackElo "2250"]

1.e4 g6 2.d4 Bg7 3.Nc3 d6 4.Be3 a6 5.a4 Nc6 6.h3 e5 7.Nf3 exd4 8.Nxd4 Nf6
9.g3 O-O 10.Bg2 Bd7 11.O-O Re8 12.Nde2 Ne5 13.b3 Qc8 14.g4 h5 15.f3 hxg4
16.hxg4 b5 17.axb5 axb5 18.Rxa8 Qxa8 19.g5 Nh7 20.f4 Ng4 21.Bd4 Bxd4+ 22.Qxd4 Nf8
23.f5 Bc6 24.Nf4 Qd8 25.fxg6 fxg6 26.Nxb5 Re5 27.Qc4+ Kh7 28.Qxc6 Rc5 29.Qb7 Qxg5
30.c4 Ne6 31.Nh3 Qe3+ 32.Rf2 Nxf2 33.Nxf2  0-1

[Event "Helsinki-ch"]
[Site "Helsinki"]
[Date "1995.??.??"]
[Round "?"]
[White "Hartikainen, Markku"]
[Black "Nouro, Mikael"]
[Result "0-1"]
[WhiteElo "2255"]
[BlackElo "2250"]

1.e4 g6 2.d4 Bg7 3.Nc3 d6 4.Be3 a6 5.a4 Nc6 6.f4 Nf6 7.Nf3 O-O 8.Be2 Bg4
9.e5 Nd7 10.Ng5 Bxe2 11.Qxe2 e6 12.O-O Ne7 13.Qg4 c5 14.Nce4 Nf5 15.Bf2 cxd4
16.Qh3 h6 17.g4 dxe5 18.gxf5 exf5 19.Nxf7 Rxf7 20.Nd6 Rf8 21.fxe5 Nxe5 22.Nxb7 Qd5
23.Qb3 Qxb3 24.cxb3 Rab8 25.Nc5 Rfc8 26.Ne6 Nf3+ 27.Kg2 Nd2 28.Rfe1 Nxb3
29.Rad1 Rc4 30.Nxg7 Kxg7 31.Re7+ Kf6 32.Rde1 Rb6 33.h4 g5 34.hxg5+ hxg5 35.Rh7 Rcc6
36.Ree7 Re6 37.Rd7 Ke5 38.Kf3 Rbd6 39.Rb7 Nd2+ 40.Ke2 Ne4 41.Be1 d3+  0-1

[Event "Hillerod Politiken"]
[Site "Hillerod"]
[Date "1995.??.??"]
[Round "4"]
[White "Schandorff, Lars"]
[Black "Andersen, Jackie"]
[Result "1-0"]
[WhiteElo "2450"]
[BlackElo "2345"]

1.e4 g6 2.d4 Bg7 3.Nc3 d6 4.Be3 Nd7 5.Qd2 a6 6.f3 e5 7.dxe5 Nxe5 8.O-O-O b5
9.f4 Nc6 10.Nf3 Nge7 11.h3 f5 12.e5 dxe5 13.Qe1 Bd7 14.Nxe5 Nxe5 15.fxe5 Qc8
16.Bc5 Be6 17.Qh4 Nc6 18.Be2 Kf7 19.Bf3 Qe8 20.Nd5 Rc8 21.Nf6  1-0

[Event "Hlohovec op"]
[Site "Hlohovec"]
[Date "1995.??.??"]
[Round "?"]
[White "Mrva, Martin"]
[Black "Zhidkov, Valery S"]
[Result "1-0"]
[WhiteElo "2400"]
[BlackElo "2315"]

1.e4 g6 2.d4 Bg7 3.Nc3 d6 4.Nf3 Bg4 5.Be2 Nc6 6.d5 Nb8 7.Be3 c6 8.Qd2 Qa5
9.O-O-O Nf6 10.Bh6 O-O 11.h4 cxd5 12.exd5 Nbd7 13.h5 Ne4 14.Nxe4 Qxa2 15.Qe3 Qxb2+
16.Kd2 Rfc8 17.Bd3 Qb4+ 18.Ke2 Bd4 19.Qd2 Qb6 20.hxg6 fxg6 21.Rb1 Qc7 22.Rh4 Bxf3+
23.gxf3 Nb6 24.Be3 Bxe3 25.fxe3 Nxd5 26.Rbh1 h5 27.Rg1 Kf7 28.Ng5+  1-0

[Event "Hofheim MT"]
[Site "Hofheim"]
[Date "1995.??.??"]
[Round "3"]
[White "Zude, Arno"]
[Black "Buchal, Stephan"]
[Result "1/2-1/2"]
[WhiteElo "2430"]
[BlackElo "2355"]

1.e4 g6 2.d4 Bg7 3.Nc3 d6 4.Be3 c6 5.Qd2 Nd7 6.f3 b5 7.g4 Nb6 8.b3 d5 9.exd5 b4
10.Ne4 Nxd5 11.Bf2 f5 12.gxf5 Bxf5 13.Bh4 Nc3 14.Ne2 Nxe2 15.Bxe2 Qxd4 16.Qxd4 Bxd4
17.O-O-O Rd8 18.Bc4 Bxe4 19.fxe4 Nf6 20.Rd3 Ng4 21.Rhd1 Be3+ 22.Kb1 Rxd3
23.Rxd3 g5 24.Be6 gxh4 25.Bxg4 Bb6 26.Bd7+  1/2-1/2

[Event "Hofheim MVT"]
[Site "Hofheim"]
[Date "1995.??.??"]
[Round "7"]
[White "Lutz, Klaus Juergen"]
[Black "Weng, Annegret"]
[Result "1/2-1/2"]
[WhiteElo "2310"]
[BlackElo "2125"]

1.e4 g6 2.d4 Bg7 3.Nc3 d6 4.Be3 c6 5.Bc4 b5 6.Bb3 Bb7 7.a3 a6 8.Nf3 e6 9.Qd2 Nd7
10.d5 cxd5 11.exd5 e5 12.Ne4 Ndf6 13.Ng3 h6 14.c4 bxc4 15.Ba4+ Kf8 16.Bc6 Bxc6
17.dxc6 Ne7 18.Rc1  1/2-1/2

[Event "EU-ch U20"]
[Site "Holon"]
[Date "1995.??.??"]
[Round "7"]
[White "Sutovskij, Emil"]
[Black "Finkel, Alexander"]
[Result "1-0"]
[WhiteElo "2545"]
[BlackElo "2490"]

1.e4 g6 2.d4 Bg7 3.Nc3 d6 4.Bg5 a6 5.f4 b5 6.Nf3 Bb7 7.Bd3 b4 8.Ne2 Nf6 9.Ng3 d5
10.e5 Ne4 11.Qe2 Nxg5 12.Nxg5 e6 13.h4 c5 14.h5 Nc6 15.hxg6 hxg6 16.Rxh8+ Bxh8
17.Qg4 Nxd4 18.O-O-O Qa5 19.Nxf7 Qxa2 20.Nd6+ Kd7 21.Qxg6 Kc6 22.Qf7 Rb8
23.Ne8 Rc8 24.Ne4 Bxe5 25.fxe5 Qa1+ 26.Kd2 Qxb2 27.N4d6 Qc3+ 28.Ke3 Nxc2+
29.Kf3 Ne1+ 30.Rxe1 Qxd3+ 31.Kg4  1-0

[Event "Horgen-B"]
[Site "Horgen"]
[Date "1995.??.??"]
[Round "7"]
[White "Forster, Richard"]
[Black "Hodgson, Julian M"]
[Result "0-1"]
[WhiteElo "2370"]
[BlackElo "2590"]

1.e4 d6 2.d4 g6 3.Nc3 Bg7 4.f4 Nf6 5.Nf3 O-O 6.Bd3 Na6 7.O-O c5 8.d5 Bg4
9.Bc4 Nc7 10.h3 Bxf3 11.Qxf3 a6 12.a4 Nd7 13.Qe2 Kh8 14.Rd1 Rb8 15.a5 b5
16.axb6 Rxb6 17.Ra2 Qb8 18.Na4 Rb7 19.Bxa6 Nxa6 20.Qxa6 f5 21.Qe2 fxe4 22.Qxe4 Nf6
23.Qf3 Nh5 24.Qe4 g5 25.f5 Ng3 26.Qd3 Nxf5 27.Nc3 Bd4+ 28.Kh1 c4 29.Qxc4 Ng3+
30.Kh2 Be5 31.Re1 Ne2+ 32.Kh1 Nxc1 33.Rxc1 Rxb2 34.Re1 Qb4 35.Qxb4 Rxb4 36.Ne4 Rxe4  0-1

[Event "HUN-chT1"]
[Site "HUN"]
[Date "1995.??.??"]
[Round "?"]
[White "Halasz, Tamas"]
[Black "Kincs, Imre"]
[Result "1-0"]
[WhiteElo "2365"]
[BlackElo "2230"]

1.d4 g6 2.e4 Bg7 3.Nc3 d6 4.f4 a6 5.Nf3 c5 6.dxc5 dxc5 7.Qxd8+ Kxd8 8.Be3 Bxc3+
9.bxc3 Nd7 10.Ng5 Ke8 11.e5 e6 12.Ne4 b6 13.Nd6+ Ke7 14.Nxc8+ Rxc8 15.Bxa6 Ra8
16.Bb5 Nh6 17.O-O-O Ra7 18.f5 Nxf5 19.Bg5+ f6 20.Rxd7+ Rxd7 21.Bxf6+ Kf7
22.Bxd7 Ra8 23.a4 Ra7 24.Bb5 Ne3 25.c4 h6 26.Kd2 Nxg2 27.Rf1 Kg8 28.Rf2  1-0

[Event "HUN-chT1"]
[Site "HUN"]
[Date "1995.??.??"]
[Round "?"]
[White "Gazik, Igor"]
[Black "Poor, Istvan"]
[Result "0-1"]
[WhiteElo "2400"]
[BlackElo "2305"]

1.e4 g6 2.d4 Bg7 3.Nc3 d6 4.Be3 c6 5.Qd2 b5 6.a4 b4 7.Nce2 a5 8.h4 h5 9.Nh3 Ba6
10.Ng5 Nf6 11.f4 Ng4 12.Bg1 Qc8 13.O-O-O d5 14.f5 gxf5 15.exf5 Qxf5 16.Ng3 Qg6
17.Bxa6 Nxa6 18.Rf1 Bf6 19.Nh3 Bxh4 20.Nf4 Bg5 21.Kb1 Bxf4 22.Qxf4 b3 23.Nf5 bxc2+
24.Kc1 Nb4 25.Rh3 Nh6 26.Qe5 Qg5+ 27.Rf4 Nxf5 28.Qxh8+ Kd7 29.Qe5 e6 30.Rf3 Qxg2
31.Rxf5 Na2+  0-1

[Event "HUN-chT1"]
[Site "HUN"]
[Date "1995.??.??"]
[Round "?"]
[White "Jamrich, Gyorgy"]
[Black "Soponyai, Tamas"]
[Result "1-0"]
[WhiteElo "2195"]
[BlackElo "2110"]

1.e4 g6 2.d4 Bg7 3.Nc3 d6 4.f4 c6 5.Nf3 Bg4 6.Be2 Qb6 7.e5 Bxf3 8.Bxf3 Nd7
9.Ne4 d5 10.Nf2 e6 11.O-O h5 12.g3 Nh6 13.c3 Nf5 14.Kg2 c5 15.dxc5 Qxc5 16.Qe2 Nb6
17.Re1 a5 18.Nd3 Qc7 19.Be3 Nxe3+ 20.Qxe3 Bf8 21.h3 a4 22.a3 Nc4 23.Qe2 Be7
24.h4 Qb6 25.f5 gxf5 26.Bxh5 O-O-O 27.Bxf7 Rdf8 28.Bh5 Rfg8 29.Kh3 Rg7 30.Rf1 Qd8
31.Nf4 Rhg8 32.Rf3 Qb6  1-0

[Event "HUN-chT1"]
[Site "HUN"]
[Date "1995.??.??"]
[Round "?"]
[White "Feher, Gyula"]
[Black "Poor, Istvan"]
[Result "1-0"]
[WhiteElo "2420"]
[BlackElo "2305"]

1.e4 g6 2.d4 Bg7 3.Nc3 d6 4.f4 c6 5.Nf3 Bg4 6.Be3 Qb6 7.Qd2 Bxf3 8.gxf3 Nd7
9.O-O-O Qa5 10.Kb1 O-O-O 11.Rg1 e6 12.Bh3 Kb8 13.f5 e5 14.f4 exf4 15.Bxf4 Nb6
16.Bf1 Ne7 17.fxg6 hxg6 18.Rg5 f5 19.exf5 Nxf5 20.Rxg6 Bxd4 21.Rxd6 Rxd6
22.Bxd6+ Ka8 23.Bf4 Bxc3 24.Qxc3 Qxc3 25.bxc3 Nd5 26.Be5 Re8 27.Re1 Nh4 28.Re2 b5
29.Bd4 Rf8 30.Bg2 Nxg2 31.Rxg2 c5 32.Bxc5 Nxc3+ 33.Kc1 Rf5 34.Rg8+ Kb7 35.Rg7+ Kc6
36.Bxa7 b4 37.Kb2 Ra5 38.Bd4 Nxa2 39.Ra7 Rxa7 40.Bxa7 Nc3 41.h4 Ne4 42.h5 Kd5
43.h6 Nf6 44.Kb3 Ke4 45.Kxb4 Kf5 46.Bd4 Nh7 47.c4 Kg6 48.Bg7 Ng5 49.c5 Ne6
50.c6  1-0

[Event "HUN-chT1"]
[Site "HUN"]
[Date "1995.??.??"]
[Round "?"]
[White "Keschitz, Gyorgy"]
[Black "Soponyai, Tamas"]
[Result "1-0"]
[WhiteElo "2205"]
[BlackElo "2110"]

1.e4 g6 2.d4 Bg7 3.Nc3 d6 4.Nf3 Bg4 5.Be3 Nc6 6.Bb5 Bd7 7.O-O Nf6 8.h3 O-O
9.e5 Ne8 10.Bf4 a6 11.Bc4 b5 12.Bb3 Na5 13.Qd2 Nxb3 14.axb3 f6 15.Rfe1 Bc6
16.exd6 cxd6 17.d5 Bd7 18.Qe3 Rf7 19.Nd4 Nc7 20.b4 a5 21.Rxa5 Rxa5 22.bxa5 b4
23.Ne6 Bxe6 24.dxe6 Rf8 25.Ne2 Nd5 26.Qa7 Qc8 27.Bd2 Qxc2 28.Qd4 Qf5 29.Ng3 Qc2
30.Qxd5 Qxb2 31.a6 b3 32.a7 Qa3 33.Ba5 Qc5 34.a8=Q  1-0

[Event "HUN-chT2 9495"]
[Site "HUN"]
[Date "1995.??.??"]
[Round "?"]
[White "Ezsol, Miklos"]
[Black "Babics, Andras"]
[Result "1-0"]
[WhiteElo "2295"]
[BlackElo "2260"]

1.d4 g6 2.e4 Bg7 3.Nc3 d6 4.Be2 Nf6 5.Be3 c6 6.g4 Qa5 7.f3 e5 8.dxe5 dxe5
9.Qd6 Nbd7 10.Nh3 Bf8 11.Qd2 b5 12.g5 Nh5 13.f4 Nxf4 14.Nxf4 exf4 15.Bd4 Rg8
16.Qxf4 Qb4 17.Rf1 Qe7 18.Bxb5 Bb7 19.Bc4 O-O-O 20.O-O-O Bg7 21.Bxa7 Ne5
22.Be2 Qe6 23.Kb1 Rxd1+ 24.Rxd1 Rd8 25.Rxd8+ Kxd8 26.a4 Qd6 27.a5 Qb4 28.a6 Bc8
29.Qe3 Nd7 30.Nd1 Qa5 31.Qd3 Qxg5 32.Be3 Qe5 33.c3 Qa5 34.a7 Be5 35.Bb6+  1-0

[Event "HUN-chT2 9495"]
[Site "HUN"]
[Date "1995.??.??"]
[Round "?"]
[White "Kocsis, Gyorgy"]
[Black "Mester, Gyula"]
[Result "1/2-1/2"]
[WhiteElo "2290"]
[BlackElo "2270"]

1.e4 g6 2.d4 Bg7 3.Nc3 d6 4.f4 c6 5.Nf3 d5 6.e5 h5 7.h3 Nh6 8.Be3 Bf5 9.Qd2 e6
10.a4 Bf8 11.Nd1 a5 12.Be2 Be4 13.Bf2 Bxf3 14.Bxf3 h4 15.O-O  1/2-1/2

[Event "HUN-chT2 9495"]
[Site "HUN"]
[Date "1995.??.??"]
[Round "?"]
[White "Galyas, Miklos"]
[Black "Mullner, Imre"]
[Result "1/2-1/2"]
[WhiteElo "2275"]
[BlackElo "2220"]

1.e4 g6 2.d4 Bg7 3.Nc3 d6 4.f4 Nc6 5.Bb5 a6 6.Bxc6+ bxc6 7.Nf3 Bg4 8.O-O Qb8
9.Qd3 Nf6 10.h3 Bxf3 11.Rxf3 O-O 12.Be3 Nd7 13.b3 Qb4 14.a3 Qb6 15.Raf1 Rae8
16.f5 Qb7 17.Qc4 Nb6 18.Qe2 Nd7 19.Qc4 Nb6 20.Qe2 Nd7  1/2-1/2

[Event "Papp Bela mem"]
[Site "HUN"]
[Date "1995.??.??"]
[Round "?"]
[White "Szabo, Zsolt Jozsef"]
[Black "Bognar, Csaba"]
[Result "1-0"]
[WhiteElo "2295"]
[BlackElo "2015"]

1.e4 g6 2.d4 Bg7 3.Nc3 d6 4.Be3 Nf6 5.Qd2 Nc6 6.d5 Ne5 7.h3 c5 8.Bh6 O-O
9.Bxg7 Kxg7 10.f4 Ned7 11.Nf3 a6 12.O-O-O b5 13.e5 Ne8 14.h4 h5 15.Ne4 Qc7
16.exd6 Nxd6 17.Neg5 Nf6 18.Ne5 Nfe4 19.Qe1 Nxg5 20.hxg5 c4 21.Be2 a5 22.g4 b4
23.gxh5 b3 24.axb3 cxb3 25.c3 Bf5 26.hxg6 Bxg6 27.Bd3 Bxd3 28.Rxd3 Rh8 29.Rhh3 a4
30.g6 Rxh3 31.Rxh3 fxg6 32.Qh4 Rg8 33.Qh6+ Kf6 34.Rg3 e6 35.Nxg6 Nf7 36.Qh4+ Kf5
37.Ne7+  1-0

[Event "HUN-chT1 9596"]
[Site "HUN"]
[Date "1995.??.??"]
[Round "2"]
[White "Palkovi, Jozsef"]
[Black "Ozsvath, Andras"]
[Result "1-0"]
[WhiteElo "2420"]
[BlackElo "2290"]

1.e4 d6 2.d4 g6 3.Nc3 Bg7 4.g3 Nf6 5.Bg2 O-O 6.Nge2 Nbd7 7.O-O c6 8.a4 a5
9.h3 e5 10.Be3 Qe7 11.g4 h5 12.g5 Nh7 13.Qd2 exd4 14.Nxd4 Ne5 15.b3 c5 16.Nd5 Qd8
17.Nb5 Bxh3 18.Nxd6 Bxg2 19.Kxg2 Ng4 20.Bf4 Kh8 21.f3 Ne5 22.Nxb7 Qc8 23.Nd6 Qc6
24.Nc4 Nxc4 25.bxc4 Rae8 26.Ra3 f6 27.gxf6 Nxf6 28.Re1 Nxd5 29.cxd5 Qf6 30.Bg5 Qd6
31.f4 c4 32.Rg3 c3 33.Qd3 Rf5 34.Rh1 Rxf4 35.e5 Qxe5 36.Bxf4 Qxf4 37.Qxg6 Re2+
38.Kh3 Qe5 39.Rf1 Kg8 40.Rf7  1-0

[Event "HUN-chT1 9596"]
[Site "HUN"]
[Date "1995.??.??"]
[Round "2"]
[White "Szabo, Zsolt"]
[Black "Petran, Peter"]
[Result "1-0"]
[WhiteElo "2350"]
[BlackElo "2420"]

1.e4 g6 2.d4 Bg7 3.Nc3 d6 4.Be3 c6 5.Qd2 b5 6.Bd3 Nd7 7.f3 Nb6 8.Nge2 a5
9.O-O Nf6 10.Bh6 O-O 11.Bxg7 Kxg7 12.Nd1 Be6 13.Ne3 Nc4 14.Bxc4 Bxc4 15.Nxc4 bxc4
16.b3 cxb3 17.axb3 Qb6 18.Ra4 Ra7 19.Rfa1 Rfa8 20.Kh1 Nd7 21.Nc3 h6 22.h3 e6
23.d5 cxd5 24.exd5 e5 25.Rh4 g5 26.Rc4 Rc7 27.Rxc7 Qxc7 28.b4 Qb6 29.Ra4 Ra7
30.Ne4 f5 31.Ng3 f4 32.Nf5+ Kf6 33.Nxh6 axb4 34.Rxa7 Qxa7 35.Qd3 Qa1+ 36.Kh2 Qe1
37.Qf5+ Ke7 38.Qxg5+ Ke8 39.Nf5  1-0

[Event "HUN-chT2 9596"]
[Site "HUN"]
[Date "1995.??.??"]
[Round "3"]
[White "Videki, Sandor"]
[Black "Istvandi, Lajos"]
[Result "1-0"]
[WhiteElo "2455"]
[BlackElo "2335"]

1.e4 g6 2.d4 Bg7 3.Nc3 d6 4.Be3 c6 5.Qd2 b5 6.f3 Nf6 7.Bh6 Bxh6 8.Qxh6 b4
9.Nd1 Qa5 10.Qd2 O-O 11.Ne3 d5 12.e5 Nfd7 13.a3 Na6 14.Bxa6 Qxa6 15.Qxb4 Rb8
16.Qc3 f6 17.f4 fxe5 18.fxe5 c5 19.Nf3 cxd4 20.Qxd4 Nb6 21.h4 Nc4 22.Nxd5 Be6
23.Nxe7+ Kf7 24.Nd5 Qa5+ 25.Nc3 Rbd8 26.b4 Qc7 27.Nb5 Qc6 28.Nd6+ Nxd6 29.exd6 Kg8
30.O-O Rxd6 31.Qxa7 Bf5 32.Nd4 Qe4 33.Nxf5 gxf5 34.Qf2 Rh6 35.Rae1 Qg4 36.Qf4 Qg7
37.Qe5 Rhf6 38.Rf3 f4 39.Qg5 Rg6 40.Qd5+ Kh8 41.Re2 Qa1+ 42.Kh2 Qg7 43.c3 Qh6
44.Qd4+ Kg8 45.Qd7 Rd6 46.Qe7 Rdf6 47.Re5 R8f7 48.Rg5+ Kh8 49.Qe8+  1-0

[Event "HUN-chT2 9596"]
[Site "HUN"]
[Date "1995.??.??"]
[Round "4"]
[White "Mester, Gyula"]
[Black "Csala, Imre"]
[Result "1/2-1/2"]
[WhiteElo "2270"]
[BlackElo "2315"]

1.e4 d6 2.d4 g6 3.Nc3 Bg7 4.Be3 Nc6 5.Nge2 e5 6.d5 Nce7 7.f4 f5 8.Ng3 a6
9.Bc4 exf4 10.Bxf4 Nh6 11.Qd2 Nf7 12.h4 b5 13.Be2 b4 14.Nd1 O-O 15.Qxb4 fxe4
16.Qxe4 Nf5 17.Ne3 Bxb2 18.Rb1 Bc3+ 19.Kd1 Re8 20.Qd3 Rxe3 21.Bxe3 Nxg3 22.Qxc3 Nxh1
23.Bg1 Qxh4 24.Qc6 Nf2+ 25.Bxf2 Qxf2 26.Qxa8 Qg1+ 27.Kd2 Qxb1 28.Qxc8+ Kg7
29.Qxa6 Qb4+ 30.Kc1 Qe1+ 31.Kb2 Qb4+ 32.Kc1 Qe1+ 33.Kb2 Qb4+  1/2-1/2

[Event "HUN-chT1 9596"]
[Site "HUN"]
[Date "1995.??.??"]
[Round "4"]
[White "Sziebert, Adam"]
[Black "Petran, Peter"]
[Result "0-1"]
[WhiteElo "2330"]
[BlackElo "2420"]

1.e4 g6 2.d4 Bg7 3.Nc3 d6 4.Be3 c6 5.Qd2 b5 6.h3 Nd7 7.Nf3 Bb7 8.Bd3 a6 9.a4 e5
10.O-O Ngf6 11.axb5 cxb5 12.d5 O-O 13.Bh6 Nc5 14.Bxg7 Kxg7 15.b4 Ncd7 16.Nd1 Nb6
17.Ne3 Rc8 18.g3 Nc4 19.Qe2 Nxe3 20.Qxe3 Nd7 21.Kh2 h6 22.Nh4 Qb6 23.Qe2 Nf6
24.f4 exf4 25.Rxf4 Nd7 26.Raf1 Ne5 27.Nf3 Nd7 28.h4 Rce8 29.Qd2 Bc8 30.Qc3+ f6
31.h5 g5 32.Rf5 Ne5 33.Nd4 Bxf5 34.exf5 Rc8 35.Qb2 Kg8 36.Kg2 Qb7 37.Be4 Rc4
38.Rd1  0-1

[Event "HUN-chT1 9596"]
[Site "HUN"]
[Date "1995.??.??"]
[Round "6"]
[White "Palkovi, Jozsef"]
[Black "Bernei, Andras"]
[Result "1-0"]
[WhiteElo "2420"]
[BlackElo "2325"]

1.e4 g6 2.d4 Bg7 3.Nc3 d6 4.g3 c6 5.a4 e5 6.dxe5 dxe5 7.Qxd8+ Kxd8 8.Bc4 f6
9.f4 Nd7 10.Nf3 Ne7 11.O-O Rf8 12.Be3 Bh6 13.Nd1 exf4 14.gxf4 f5 15.e5 Nb6
16.Bb3 Nbd5 17.Nd4 a5 18.Bd2 Kc7 19.Rf3 Bg7 20.Ne3 Rd8 21.Nc4 Bd7 22.Nd6 c5
23.N4b5+ Bxb5 24.axb5 b6 25.Nf7 Rf8 26.Ng5 Kb7 27.Rd3 Nc7 28.Rd7 Rad8 29.Rxe7  1-0

[Event "HUN-chT1 9596"]
[Site "HUN"]
[Date "1995.??.??"]
[Round "6"]
[White "Madl, Ildiko"]
[Black "Kun, Sandor"]
[Result "1-0"]
[WhiteElo "2405"]
[BlackElo "2245"]

1.e4 g6 2.d4 Bg7 3.Nc3 d6 4.Be3 c6 5.Qd2 b5 6.Bd3 b4 7.Nce2 a5 8.a3 c5 9.axb4 cxb4
10.c3 bxc3 11.Nxc3 Ba6 12.Nge2 Nf6 13.f3 Bxd3 14.Qxd3 O-O 15.O-O Nc6 16.Rfc1 Nb4
17.Qd2 d5 18.e5 Nd7 19.Na2 Qb6 20.Nec3 e6 21.f4 Rfc8 22.Rf1 Bf8 23.g4 Nxa2
24.Rxa2 Bb4 25.f5 Bxc3 26.bxc3 Qc6 27.Rc2 exf5 28.gxf5 Kh8 29.f6 Nf8 30.c4 Qe6
31.c5 a4 32.Qg2 a3 33.Ra2 Rcb8 34.h3 Rb3 35.Rf3 Rab8 36.Bf2 Rb1+ 37.Kh2 Rd1
38.Raxa3 Rbb1 39.Ra8 Rh1+ 40.Qxh1 Rxh1+ 41.Kxh1 Kg8 42.Rb3 h5 43.Rxf8+ Kh7
44.Rf3 g5 45.c6 g4 46.c7 Qa6 47.c8=Q  1-0

[Event "HUN-chT2 9596"]
[Site "HUN"]
[Date "1995.??.??"]
[Round "6"]
[White "Sax, Gyula"]
[Black "Csala, Imre"]
[Result "1-0"]
[WhiteElo "2535"]
[BlackElo "2315"]

1.e4 d6 2.d4 g6 3.Nc3 Bg7 4.f4 Nc6 5.Be3 Nf6 6.Nf3 Bg4 7.h3 Bxf3 8.Qxf3 Nd7
9.e5 Nb6 10.d5 Nb4 11.Qe4 c5 12.a3 Na6 13.Bb5+ Kf8 14.Bxa6 bxa6 15.O-O Nd7
16.e6 f5 17.Qd3 Nb6 18.g4 c4 19.Qd2 Kg8 20.a4 a5 21.Bd4 Qf8 22.Rf2 Bxd4 23.Qxd4 Qg7
24.Qe3 Qf6 25.Rg2 Kf8 26.gxf5 gxf5 27.Qg3 a6 28.Kh2 Ke8 29.Qg7 Rf8 30.Qxf6 Rxf6
31.Rg8+ Rf8 32.Rag1 h6 33.R1g7 Nc8 34.Kg3 Rb8 35.Nd1 Rb4 36.Ne3 Nb6 37.Nxf5 Nxd5
38.Rg6  1-0

[Event "Ikaros op"]
[Site "Ikarios"]
[Date "1995.??.??"]
[Round "2"]
[White "Vouldis, Angelos"]
[Black "Fournarakos, Gerasimos"]
[Result "1-0"]
[WhiteElo "2425"]
[BlackElo "2110"]

1.e4 g6 2.d4 Bg7 3.Nc3 d6 4.f4 Nc6 5.Be3 Nf6 6.Be2 O-O 7.Nf3 Bg4 8.e5 Nh5
9.Qd2 dxe5 10.fxe5 f6 11.exf6 Nxf6 12.O-O-O Qd7 13.h3 Bf5 14.Bb5 a6 15.Ne5 Qd6
16.Bc4+ Be6 17.Bxe6+ Qxe6 18.Nxc6 bxc6 19.Rhe1 Qc4 20.Bh6 Rf7 21.Bxg7 Kxg7
22.Qe2 Qb4 23.a3 Qd6 24.Qe5 Kg8 25.d5 Rb8 26.dxc6 Qxc6 27.g4 h6 28.Rd4 Qb7
29.Rb4 Qa7 30.Rxb8+ Qxb8 31.h4 Qc8 32.g5 hxg5 33.hxg5 Nh7 34.Nd5 Qd7 35.Nxe7+ Rxe7
36.Qxe7 Qb5 37.Qd8+ Nf8 38.Rd1 c6 39.Qf6 Qe2 40.b3 Qe3+ 41.Kb2 Qe4 42.Rd8  1-0

[Event "Katowice op"]
[Site "Katowice"]
[Date "1995.??.??"]
[Round "9"]
[White "Matlak, Marek"]
[Black "Urban, Klaudiusz"]
[Result "0-1"]
[WhiteElo "2465"]
[BlackElo "2410"]

1.d4 g6 2.e4 Bg7 3.Nc3 d6 4.g3 Nf6 5.Bg2 O-O 6.Nf3 Nbd7 7.O-O e5 8.h3 b6
9.Be3 Bb7 10.Nd2 Re8 11.Re1 a6 12.d5 Rc8 13.a4 c6 14.Rc1 b5 15.axb5 axb5
16.dxc6 Bxc6 17.Qe2 Rb8 18.Bg5 h6 19.Bxf6 Nxf6 20.Nf1 b4 21.Nd5 Nxd5 22.exd5 Bb5
23.Qd2 Qc7 24.Ne3 Qc5 25.Bf1 Bd7 26.c4 f5 27.Kh2 h5 28.h4 Ra8 29.Ra1 Reb8
30.Rec1 e4 31.Kg2 Kf7 32.Be2 Qd4 33.Qxd4 Bxd4 34.Nd1 Ba4 35.Rab1 Bb3 36.Ra1 Ke7
37.Kf1 Bxd1 38.Bxd1 Bxb2 39.Rxa8 Rxa8 40.Rb1 Bc3 41.Bb3 Kf6 42.Ke2 Ke5 43.Ke3 Bd4+
44.Ke2 Bc5 45.Rd1 Ra3  0-1

[Event "RUS-sf"]
[Site "Kazan"]
[Date "1995.??.??"]
[Round "6"]
[White "Kalegin, Evgenij"]
[Black "Glyanets, Alexander"]
[Result "1-0"]
[WhiteElo "2475"]
[BlackElo "2385"]

1.e4 g6 2.d4 Bg7 3.Nc3 d6 4.Be3 c6 5.h3 b5 6.f4 b4 7.Na4 Qa5 8.b3 Ba6 9.Bd3 c5
10.dxc5 Bxa1 11.Qxa1 f6 12.cxd6 Bxd3 13.cxd3 exd6 14.Nf3 Nc6 15.O-O Qa6 16.Bd4 O-O-O
17.Rc1 Kb8 18.Rc4 Ka8 19.a3 bxa3 20.Qxa3 Nge7 21.Nb6+ Kb7 22.Ra4 Qxd3 23.Nd5 a6
24.Nxe7 Nxe7 25.Rb4+ Kc7 26.Bxf6 Rhe8 27.Qc1+ Kd7 28.Rb7+ Ke6 29.Ng5+  1-0

[Event "Kemerovo2"]
[Site "Kemerovo"]
[Date "1995.??.??"]
[Round "2"]
[White "Isupov, Vladimir"]
[Black "Zaitsev, Vadim"]
[Result "1-0"]
[WhiteElo "2380"]
[BlackElo "2350"]

1.e4 g6 2.d4 Bg7 3.Nc3 d6 4.Nf3 a6 5.a4 Bg4 6.Be3 Nc6 7.Be2 e5 8.dxe5 dxe5
9.Nd5 Nce7 10.c4 Nc6 11.Bg5 f6 12.Be3 Bxf3 13.Bxf3 Nd4 14.Bxd4 exd4 15.Qb3 c6
16.Qxb7 Ne7 17.Nc7+ Kf7 18.Nxa8 Qxa8 19.Qxa8 Rxa8 20.b4 Rb8 21.Rb1 Nc8 22.c5 a5
23.b5 Bf8 24.Ke2 Bxc5 25.bxc6 Bb4 26.c7 Rb7 27.Rhc1 h5 28.g4 Ra7 29.gxh5 Bc3
30.hxg6+ Kxg6 31.Rg1+ Kf7 32.Bh5+ Kf8 33.Rb8  1-0